<?xml version="1.0" encoding="UTF-8"?><?xml-stylesheet type="text/xsl" href="static/style.xsl"?><OAI-PMH xmlns="http://www.openarchives.org/OAI/2.0/" xmlns:xsi="http://www.w3.org/2001/XMLSchema-instance" xsi:schemaLocation="http://www.openarchives.org/OAI/2.0/ http://www.openarchives.org/OAI/2.0/OAI-PMH.xsd"><responseDate>2026-04-17T03:29:48Z</responseDate><request verb="GetRecord" identifier="oai:www.recercat.cat:10230/48458" metadataPrefix="marc">https://recercat.cat/oai/request</request><GetRecord><record><header><identifier>oai:recercat.cat:10230/48458</identifier><datestamp>2025-12-22T20:20:01Z</datestamp><setSpec>com_2072_6</setSpec><setSpec>col_2072_452954</setSpec></header><metadata><record xmlns="http://www.loc.gov/MARC21/slim" xmlns:dcterms="http://purl.org/dc/terms/" xmlns:xsi="http://www.w3.org/2001/XMLSchema-instance" xmlns:doc="http://www.lyncode.com/xoai" xsi:schemaLocation="http://www.loc.gov/MARC21/slim http://www.loc.gov/standards/marcxml/schema/MARC21slim.xsd">
   <leader>00925njm 22002777a 4500</leader>
   <datafield ind2=" " ind1=" " tag="042">
      <subfield code="a">dc</subfield>
   </datafield>
   <datafield ind2=" " ind1=" " tag="720">
      <subfield code="a">Solé Ariza, Aina</subfield>
      <subfield code="e">author</subfield>
   </datafield>
   <datafield ind2=" " ind1=" " tag="260">
      <subfield code="c">2021-09-15T07:43:11Z</subfield>
   </datafield>
   <datafield ind2=" " ind1=" " tag="260">
      <subfield code="c">2021-09-15T07:43:11Z</subfield>
   </datafield>
   <datafield ind2=" " ind1=" " tag="260">
      <subfield code="c">2021</subfield>
   </datafield>
   <datafield ind2=" " ind1=" " tag="520">
      <subfield code="a">Treball de fi de grau en Biologia Humana</subfield>
   </datafield>
   <datafield ind2=" " ind1=" " tag="520">
      <subfield code="a">Supervisor: Francisco José Muñoz</subfield>
   </datafield>
   <datafield ind2=" " ind1=" " tag="520">
      <subfield code="a">Alzheimer’s disease (AD) is the most common cause of age-related dementia, whose progression and development are explained by two well-based hypotheses. The amyloid cascade hypothesis proposes the aggregation of the amyloid ß-peptide (Aß) as the key event that triggers AD, whereas the mitochondrial cascade hypothesis claims that neurodegeneration is caused by oxidative stress and mitochondrial dysfunction. Even so, both hypotheses are not independent since a relationship between them is already known. Many questions about its physiopathology, however, remain unanswered. The present review proposes the possible participation of the apoptosis inducing factor 1 (AIF1) in AD, a highly relevant mitochondrial protein both for cell survival (OXPHOS process) and for cell death (caspase-independent apoptosis). According to the known functions the AIF1 performs in other pathologies, it can be suggested that the Aß accumulation and oxidative stress produces the release of pro-apoptotic AIF1, which contributes to mitochondrial dysfunction and apoptosis in hippocampus neurons. Nevertheless, the dual functionality of AIF1 represents one of the greatest challenges to clearly define the involvement of the protein in AD, so further studies are required in this direction.</subfield>
   </datafield>
   <datafield ind2="0" ind1="0" tag="245">
      <subfield code="a">Elucidating the pathophysiological role of the apoptosis inducing factor 1 (AIF1) in Alzheimer&amp;apos;s disease: a review of its participation in other pathologies</subfield>
   </datafield>
</record></metadata></record></GetRecord></OAI-PMH>